The LATEX companion

Αποθηκεύτηκε σε:
Λεπτομέρειες βιβλιογραφικής εγγραφής
Άλλοι συγγραφείς: Mittelbach, Frank
Μορφή: Βιβλίο
Γλώσσα:English
Δημοσίευση: Boston : Addison-Wesley, c2004.
Έκδοση:2nd ed.
Σειρά:Addison-Wesley series on tools and techniques for computer typesetting
Θέματα:
Ετικέτες: Προσθήκη ετικέτας
Δεν υπάρχουν, Καταχωρήστε ετικέτα πρώτοι!

MARC

LEADER 00000cam a2200000 i 4500
001 1/76614
008 050519s2004 mau| ||| |||| ||eng||
020 |a 0201362996 
035 |l 10078032 
040 |a GR-MyUa  |b gre  |e AACR2 
041 0 |a eng 
082 7 |a 686.22544536   |2 (21) 
245 1 4 |a The LATEX companion /   |c Frank Mittelbach...[κ.ά.].  
250 |a 2nd ed.  
260 |a Boston :   |b Addison-Wesley,   |c c2004.  
300 |a xxvii, 1090 σ. :   |b σχέδια, πιν. ;   |c 24 εκ. +   |e 1 οπτική δισκέτα λέϊζερ Η/Υ (4 3/4 ίν.).  
490 1 |a (Addison-Wesley series on tools and techniques for computer typesetting) 
504 |a Βιβλιογραφία: σ.[963]-982. Ευρετήριο.  
630 0 0 |a LaTeX (Computer file) 
650 0 |a Computerized typesetting. 
700 1 |a Mittelbach, Frank. 
830 0 |a Addison-Wesley series on tools and techniques for computer typesetting 
852 |a INST  |b CHIOS  |e 20050519  |h 686.2544536 LAT  |p 005200021924  |q 005200021924  |t BK  |y 0 
852 |a INST  |b CHIOS  |e 20050519  |h 686.2544536 LAT   |p 005200024935  |q 005200024935  |t BK  |y 0 
852 |a INST  |b SAMOS  |e 20071116  |h 686.22544536 LAT  |p 005300027813  |q 005300027813  |t BK  |y 4  |x 20200310 
852 |a INST  |b SAMOS  |e 20070907  |h 686.22544536 LAT  |p 005300028278  |q 005300028278  |t BK  |y 0 
852 |a INST  |b SAMOS  |e 20111209  |h 686.22544536 LAT  |p 005300034144  |q 005300034144  |t BK  |y 23 
852 |a INST  |b SAMOS  |e 20071116  |h 686.22544536 LAT   |p 005300027762  |q 005300027762  |t BK  |y 0 
852 |a INST  |b SAMOS  |e 20070907  |h 686.22544536 LAT   |p 005300028264  |q 005300028264  |t BK  |y 0 
852 |a INST  |b SAMOS  |e 20111209  |h 686.22544536 LAT   |p 005300034143  |q 005300034143  |t BK  |y 0 
901 |a BIBL3-2011-3 
901 |a BIBL3-2007-3 
901 |a BIBL3-2007-3 
901 |a BIBL2-2005-2 
920 |a ΔΙΕΥΡΥΝΣΗ  |b ΕΠΕΑΕΚ-ΤΜΟΔ  |y Χίος  |z 2004-12 
922 |a 3ΕΛΗ  |b 200406  |c ΤΜΗΜΑ ΜΑΘΗΜΑΤΙΚΩΝ  |d ΠΑΠΑΣΩΤΗΡΙΟΥ 
922 |a 3ΕΛΗ  |b 200710  |c ΕΠΕΑΕΚ2/ΤΜΠΕΣ  |d ΠΑΠΑΣΩΤΗΡΙΟΥ 
922 |a 3ΕΛΗ  |b 200708  |c ΕΠΕΑΕΚ2/ΤΜΗΜΑ ΜΑΘΗΜΑΤΙΚΩΝ  |d ΠΑΠΑΣΩΤΗΡΙΟΥ 
970 |a ΧΑΖΙΡΗ  |b ΑΝΝΑ  |z 2005/05/19